000 00865nam a2200301 a 4500
001 vtls001435598
003 NLI
005 20210627121345.0
008 121130s2009 ii 001 0 eng
020 _a9788184840411
_cRs. 1250.00
039 9 _y201211301626
_zVLOAD
040 _aNLI
_beng
_cDatasoft_GENG
_eAACR2
041 0 _aeng
044 _aii
082 0 4 _a954
100 1 _aMahendru, K. C.
_9997825
245 1 0 _aJP's tryst with India's destiny and his mission /
_cK. C. Mahendru
260 _aNew Delhi :
_bRegal Pub.,
_cc2009
300 _axix, 344 p. ;
_c22 cm.
504 _aIncludes bibliographical references and index
651 0 _aIndia
_xHistory
887 _a
901 _aDB116313
_b27.01.2010
902 _aE 954 M 277 j
904 _l9074
949 _AVIRTUAITEM
_D10000
_X100
_6DBA000116313ENG
942 _2ddc
_cBKS
999 _aVIRTUA40
_c887482
_d887482